ANAGRAMAS DE PAÍSES - Estadísticas

Estadísticas generales
  • Esta prueba ha sido intentada 192 veces
  • La puntuación promedio es 11 de 13
Estadísticas de respuestas
Hint Respuesta % Correcto
LIMA MALI
98%
TAMAL MALTA
96%
SOLA LAOS
94%
CARTA CATAR
93%
NEGALES SENEGAL
92%
SILBAR BRASIL
91%
AGRADAN GRANADA
91%
PLENA NEPAL
89%
AMASO SAMOA
87%
SOLAPA PALAOS
84%
REITERA ERITREA
71%
DORARAN ANDORRA
66%
RECAUDO ECUADOR
57%
No se encontraron pruebas coincidentes
Distribución de puntuación
Porcentaje de gente con cada puntuación
Porcentaje por número respondido
Historial de tus puntuaciones
No has intentado esta prueba.